Normal view MARC view

Entry Personal Name

Number of records used in: 1

001 - CONTROL NUMBER

  • control field: 517

003 - CONTROL NUMBER IDENTIFIER

  • control field: csc

005 - DATE AND TIME OF LATEST TRANSACTION

  • control field: 20140507162051.0

008 - FIXED-LENGTH DATA ELEMENTS

  • fixed length control field: 121120|| aca||aabn | a|a d

040 ## - CATALOGING SOURCE

  • Original cataloging agency: csc
  • Transcribing agency: csc

100 ## - HEADING--PERSONAL NAME

  • Personal name: Kinsella, Thomas.

670 ## - SOURCE DATA FOUND

  • Source citation: Work cat.: (csc)289: The Táin :, 1970